| 000 | 00545nam a2200181Ia 4500 | ||
|---|---|---|---|
| 999 |
_c18222 _d18222 |
||
| 082 | _aTM.0087 | ||
| 100 | _aMehra, Ajay Kumar | ||
| 245 | 0 | _aPolitics of urban redevelopment : A case study of old Delhi | |
| 260 |
_c1986 _bJawaharlal Nehru University |
||
| 300 | _a299p. + C D -26 | ||
| 650 | _aURBAN REDEVELOPMENT//CITY PLANNING | ||
| 650 | _aURBAN RENEWAL - DELHI | ||
| 650 | _aMODEL CITIES//CITY PLANNING | ||
| 650 | _aCITY PLANNING - DELHI | ||
| 650 | _aSOCIOLOGY, URBAN///CITY PLANNING | ||
| 710 | _aAhmad, Imtiaz | ||
| 942 |
_cTH _2ddc |
||